Complete business statistics / (Record no. 4292)

MARC details
000 -LEADER
fixed length control field 01399cam a22002174a 4500
020 ## - INTERNATIONAL STANDARD BOOK NUMBER
ISBN 0072402709 (alk. paper)
020 ## - INTERNATIONAL STANDARD BOOK NUMBER
ISBN 0072524057 (CDROM)
050 00 - CALL NUMBER
Classification number HF1017
Item number .A26
100 1# - AUTHOR
Personal name Aczel, Amir D.
245 10 - TITLE
Title Complete business statistics /
Statement of responsibility, etc Amir D. Aczel, Jayavel Sounderpandian.
250 ## - EDITION
Edition statement 5th ed.
260 ## - PUBLICATION INFORMATION
Place of publication Boston, Mass. :
Name of publisher McGraw-Hill/Irwin,
Year of publication 2002.
300 ## - DESCRIPTION
Number of Pages xxix, 877 p. :
Other physical details ill. (some col.) ;
Dimensions 26 cm. +
Accompanying material 1 CD-ROM (4 3/4 in.)
440 #4 - SERIES
SERIES The Irwin/McGraw-Hill series in operations and decision sciences
500 ## - NOTES
General note Accompanied by Student Resource CD-Rom.
505 ## - FORMATTED CONTENTS NOTE
Table of Content Ch. 0. Working with Templates --<br/>Ch. 1. Introduction and Descriptive Statistics --<br/>Ch. 2. Probability --<br/>Ch. 3. Random Variables --<br/>Ch. 4. The Normal Distribution --<br/>Ch. 5. Sampling and Sampling Distributions --<br/>Ch. 6. Confidence Intervals --<br/>Ch. 7. Hypothesis Testing --<br/>Ch. 8. The Comparison of Two Populations --<br/>Ch. 9. Analysis of Variance --<br/>Ch. 10. Simple Linear Regression and Correlation --<br/>Ch. 11. Multiple Regression --<br/>Ch. 12. Time Series, Forecasting, and Index Numbers --<br/>Ch. 13. Quality Control and Improvement --<br/>Ch. 14. Nonparametric Methods and Chi-Square Tests --<br/>Ch. 15. Bayesian Statistics and Decision Analysis --<br/>Ch. 16. Sampling Methods.
650 #0 - SUBJECTS
Topical Term Commercial statistics.
650 #0 - SUBJECTS
Topical Term Statistics.
700 1# - OTHER AUTHORS
Personal name Sounderpandian, Jayavel.
942 ## - ADDED ENTRY ELEMENTS (KOHA)
Koha item type Books
Holdings
Withdrawn status Lost status Home library Current library Shelving location Date acquired Full call number Accession Number Koha item type Collection code
    Methodist University Library Main Methodist University Library Main General Stacks 06/03/2006 HF1017 .A26 14418 Books Non-fiction
    Methodist University Library Main Methodist University Library Main General Stacks 06/03/2006 HF1017 .A26 14417 Books Non-fiction
    Methodist University Library Tema Methodist University Library Tema General Stacks 06/03/2006 HF1017 .A26 21088 Books  
    Methodist University Library Tema Methodist University Library Tema General Stacks 06/03/2006 HF1017 .A26 21223 Books  
Copyright © 2026  MUG Library